000 00607nam a2200193 4500
001 136614
003 ES-MaACL
007 t|
008 070214s1983 sp r ||||1| spa d
100 1 _aRutenburg, Viktor.
_9101065
245 1 0 _aMovimientos populares en Italia
_b: siglos XIV-XV /
_cViktor Rutenburg ; traducción: José Fernández.
260 _aMadrid :
_bAkal,
_c1983.
300 _a255 p. ;
_c22 cm.
490 1 _aAkal universitaria ;
_v51
700 1 _aFernández, José.
_949383
830 0 _aAkal universitaria ;
_v51
_9177901
852 _aES-MaACL
_jL-4956
_bR.105195
999 _c136614
_d136614